کلا م تجھ لب کا (Record no. 173668)

MARC details
000 -LEADER
fixed length control field 00716nam a22001817a 4500
005 - DATE AND TIME OF LATEST TRANSACTION
control field 20200304152557.0
010 ## - LCCN (DPL NO)
LC control number UR-10722
020 ## - INTERNATIONAL STANDARD BOOK NUMBER
Terms of availability 200.00
International Standard Book Number 9789383239887
035 ## - SYSTEM CONTROL NUMBER
System control number U-9277
037 ## - SOURCE OF ACQUISITION
Source of stock number/acquisition DBAD/PUB
Stock number -
100 ## - MAIN ENTRY--PERSONAL NAME
Personal name مر تب و نا صر:غضنفر ا قبا ل
245 ## - TITLE STATEMENT
Title کلا م تجھ لب کا
Statement of responsibility, etc مر تب و نا صر:غضنفر ا قبا ل
Remainder of title د کن کے منتخب شعر ا ء کی غز لو ں کا ا نتخا ب
246 ## - VARYING FORM OF TITLE
Remainder of title Kalam Tujh Lab Ka (Urdu)
Title proper/short title Compiled And Published by Ghazanfar Iqbal
260 ## - PUBLICATION, DISTRIBUTION, ETC. (IMPRINT)
Place of publication, distribution, etc N.Delhi
Name of publisher, distributor, etc Applied Books
Date of publication, distribution, etc 2019 ء
270 ## - ADDRESS
Address Darya Ganj,
City N.Delhi
Postal code 110002
Telephone number -
Fax number -
300 ## - PHYSICAL DESCRIPTION
Extent 136 ص
Dimensions 22 Cm(Hb)
942 ## - ADDED ENTRY ELEMENTS (KOHA)
Source of classification or shelving scheme Dewey Decimal Classification
Item type Urdu Bks
Classification part 841
Call number suffix ک ل ا
Holdings
Withdrawn status Lost status Not for loan Home library Current library Date acquired Source of acquisition Cost, normal purchase price Full call number Barcode Copy number Cost, replacement price Koha item type
      Central Library Central Library 04/03/2020 DBAD/PUB 200.00 841 ک ل ا U-9277 1 200.00 Urdu Bks

© Delhi Public Library
Hit Counter
free hit counter